[Event "Xeraco Region-ch Primera"]
[Site "Xeraco"]
[Date "2016.11.05"]
[Round "5"]
[White "Juan Beneyto, Daniel"]
[Black "Juan Clavier, Ruben"]
[Result "0-1"]
[WhiteElo "1587"]
[BlackElo "1547"]
[PlyCount "102"]
[EventDate "2016.10.01"]
[EventType "swiss"]
[EventRounds "7"]
[EventCountry "ESP"]
[SourceTitle "EXT 2024"]
[Source "ChessBase"]
[SourceDate "2023.10.10"]
[SourceVersion "1"]
[SourceVersionDate "2023.10.10"]
[SourceQuality "1"]

1. e4 e6 2. d4 d5 3. Bd3 c5 4. dxc5 Bxc5 5. exd5 Qxd5 6. Bb5+ Bd7 7. Qxd5 exd5 8. Bxd7+ Nxd7 9. Nc3 Ngf6 10. Nge2 0-0 11. 0-0 Rfe8 12. Nf4 Nb6 13. Nd3 Bf8 14. Be3 Rac8 15. Bxb6 axb6 16. Rac1 g6 17. Nb5 Re2 18. c3 Rce8 19. Rfe1 Rd2 20. Red1 Rxd1+ 21. Rxd1 Rd8 22. Ne1 Bc5 23. b4 Bf8 24. Nc2 Bg7 25. f3 Rd7 26. Ne3 Bh6 27. Kf2 Bf4 28. g3 Be5 29. Rd3 g5 30. Nd4 h5 31. Ndf5 Kh7 32. h4 gxh4 33. Nxh4 Bxc3 34. Rxc3 d4 35. Rd3 dxe3+ 36. Kxe3 Rd5 37. Rd4 Re5+ 38. Kd2 Rg5 39. Rf4 Kg7 40. Nf5+ Kg6 41. Ne7+ Kg7 42. Nf5+ Kf8 43. Nd6 Ke7 44. Nxb7 Rd5+ 45. Kc3 Rd7 46. Nc5 bxc5 47. bxc5 Nd5+ 48. Kc4 Nxf4 49. gxf4 h4 50. c6 h3 51. cxd7 h2 0-1

[Event "Xeraco Region-ch Segunda"]
[Site "Xeraco"]
[Date "2015.11.07"]
[Round "5.4"]
[White "Montilla Rodrigo, Carles"]
[Black "Juan Beneyto, Daniel"]
[Result "0-1"]
[WhiteElo "1157"]
[BlackElo "1463"]
[PlyCount "60"]
[EventDate "2015.10.03"]
[EventType "swiss"]
[EventRounds "7"]
[EventCountry "ESP"]
[SourceTitle "EXT 2024"]
[Source "ChessBase"]
[SourceDate "2023.10.10"]
[SourceVersion "1"]
[SourceVersionDate "2023.10.10"]
[SourceQuality "1"]

1. e4 e5 2. Nf3 d6 3. Bc4 Be7 4. 0-0 Nf6 5. Nc3 0-0 6. d3 a6 7. a4 Nc6 8. Bg5 h6 9. Bxf6 Bxf6 10. Nd5 Re8 11. Re1 Bd7 12. b3 Na7 13. d4 exd4 14. Nxd4 c5 15. Nxf6+ Qxf6 16. Nf3 Bg4 17. Qd3 Bxf3 18. Qxf3 Qxf3 19. gxf3 Nc6 20. Bd5 Nd4 21. Rec1 Nxf3+ 22. Kg2 Ng5 23. Bxb7 Ra7 24. Bc6 Re6 25. Bd5 Rg6 26. Kh1 Nf3 27. Rf1 Re7 28. Rab1 Nd2 29. Rfe1 Nxb1 30. Rxb1 Re5 0-1

[Event "Alzira op 4th"]
[Site "Alzira"]
[Date "2014.12.30"]
[Round "7"]
[White "Juan Beneyto, Daniel"]
[Black "Gonzalvez Perales, Jose Luis"]
[Result "0-1"]
[WhiteElo "1510"]
[BlackElo "2029"]
[PlyCount "114"]
[EventDate "2014.12.27"]
[EventType "swiss"]
[EventRounds "7"]
[EventCountry "ESP"]
[SourceTitle "CBM 164 Extra"]
[Source "ChessBase"]
[SourceDate "2015.03.02"]
[SourceVersion "1"]
[SourceVersionDate "2015.03.02"]
[SourceQuality "1"]

1. e4 d5 2. exd5 Qxd5 3. Nc3 Qd6 4. h3 Nf6 5. Nf3 c6 6. d4 Bf5 7. Be3 Nbd7 8. Bd3 e6 9. 0-0 0-0-0 10. Re1 h6 11. Ne2 g5 12. Ng3 Bxd3 13. Qxd3 g4 14. hxg4 Nxg4 15. Qd2 Qc7 16. Bf4 Bd6 17. Bxd6 Qxd6 18. Qe2 Rdg8 19. Rad1 Nxf2 20. Qxf2 Qxg3 21. Qxg3 Rxg3 22. Kf2 Rhg8 23. Rg1 Nf6 24. Rde1 R3g4 25. c3 Nh5 26. Ne5 Rf4+ 27. Ke3 Rg3+ 28. Ke2 Kd8 29. Ref1 f6 30. Nf7+ Ke7 31. Nxh6 Rxf1 32. Kxf1 Kf8 33. Kf2 Kg7 34. Rh1 Rg5 35. Ng4 Nf4 36. Ne3 Nd3+ 37. Ke2 Nxb2 38. Rb1 Rb5 39. Kd2 Nc4+ 40. Nxc4 Rxb1 41. Kc2 Rf1 42. Nd6 Rf2+ 43. Kb3 Rxg2 44. Nxb7 f5 45. Nd8 Kf6 46. Nxc6 f4 47. Ne5 Rg3 48. Kb4 f3 49. Nd3 Rg2 50. c4 f2 51. Nxf2 Rxf2 52. a4 Rb2+ 53. Kc5 Ke7 54. Kc6 Rb4 55. d5 Rxc4+ 56. Kb7 Rxa4 57. dxe6 Kxe6 0-1

[Event "Alzira op 4th"]
[Site "Alzira"]
[Date "2014.12.29"]
[Round "5"]
[White "Fernandez Sanchez, Vicente"]
[Black "Juan Beneyto, Daniel"]
[Result "1/2-1/2"]
[WhiteElo "1671"]
[BlackElo "1510"]
[PlyCount "67"]
[EventDate "2014.12.27"]
[EventType "swiss"]
[EventRounds "7"]
[EventCountry "ESP"]
[SourceTitle "CBM 164 Extra"]
[Source "ChessBase"]
[SourceDate "2015.03.02"]
[SourceVersion "1"]
[SourceVersionDate "2015.03.02"]
[SourceQuality "1"]

1. Nf3 Nc6 2. g3 e5 3. Bg2 d6 4. 0-0 Nf6 5. b3 Be7 6. Bb2 0-0 7. c4 Re8 8. d3 Bf8 9. Nc3 Be6 10. e3 d5 11. Ng5 dxc4 12. Nxe6 Rxe6 13. dxc4 Rb8 14. Qxd8 Rxd8 15. Rad1 Rdd6 16. Rxd6 Rxd6 17. Rd1 Nd8 18. Rxd6 Bxd6 19. Nb5 a6 20. Nxd6 cxd6 21. Ba3 Ne8 22. Bh3 g6 23. Bd7 Nf6 24. Ba4 Ne4 25. f3 Nc5 26. Bxc5 dxc5 27. a3 Kf8 28. Kf2 Ke7 29. Ke2 Ne6 30. h4 Nc7 31. b4 cxb4 32. axb4 Kd6 33. c5+ Ke7 34. Bb3 1/2-1/2